Ứng dụng kỹ thuật chụp X quang với thuốc cản quang để chẩn đoán bệnh trên hệ tiết niệu của chó tại bệnh xá thú y trường Đại học Cần Thơ : Luận văn thạc sĩ Khoa học Nông nghiệp chuyên ngành Thú y
Đề tài nghiên cứu, đánh giá tình hình bệnh tiết niệu trên chó và xây dựng hình ảnh hệ tiết niệu bình thường và các dạng bệnh lý bằng kỹ thuật X-quang trong chuẩn đoán và điều trị.
Shranjeno v:
| Glavni avtor: | |
|---|---|
| Format: | Knjiga |
| Jezik: | Undetermined |
| Izdano: |
Cần Thơ
Trường Đại học Cần Thơ
2010
|
| Teme: | |
| Oznake: |
Označite
Brez oznak, prvi označite!
|
| Thư viện lưu trữ: | Trung tâm Học liệu Trường Đại học Cần Thơ |
|---|
| LEADER | 01343nam a2200229Ia 4500 | ||
|---|---|---|---|
| 001 | CTU_162817 | ||
| 008 | 210402s9999 xx 000 0 und d | ||
| 082 | |a 636.7089 | ||
| 082 | |b V312 | ||
| 088 | |a 60640101 | ||
| 100 | |a Trương, Phúc Vinh | ||
| 245 | 0 | |a Ứng dụng kỹ thuật chụp X quang với thuốc cản quang để chẩn đoán bệnh trên hệ tiết niệu của chó tại bệnh xá thú y trường Đại học Cần Thơ : | |
| 245 | 0 | |b Luận văn thạc sĩ Khoa học Nông nghiệp chuyên ngành Thú y | |
| 245 | 0 | |c Trương Phúc Vinh ; Nguyễn Văn Khanh, Nguyễn Văn Biện (Giáo viên hướng dẫn) | |
| 260 | |a Cần Thơ | ||
| 260 | |b Trường Đại học Cần Thơ | ||
| 260 | |c 2010 | ||
| 520 | |a Đề tài nghiên cứu, đánh giá tình hình bệnh tiết niệu trên chó và xây dựng hình ảnh hệ tiết niệu bình thường và các dạng bệnh lý bằng kỹ thuật X-quang trong chuẩn đoán và điều trị. | ||
| 650 | |a Nội khoa thú y,Dog diseases,Veterinary internal medicine,Bệnh ở chó | ||
| 650 | |x Diagnosis,Chẩn đoán | ||
| 904 | |i Trọng Hải | ||
| 980 | |a Trung tâm Học liệu Trường Đại học Cần Thơ | ||